000 00773nam a2200229Ia 4500
003 GCL
008 140319s9999 xx 000 0 ara d
040 _aGCL /
_cGCL
082 0 4 _a530
_bع ف
100 1 _aمجدى يسن العشرى
245 1 0 _aالفيزياء العملية: تجارب الفيزياء العامة للمرحلة الجامعية الاولى للكليات العملية /
_cمجدى يسن العشرى
700 1 _aعلى سالم الخرم
700 1 _aمحمد عصمت فارس
260 _a[S.N] :
_bجامعة التحدى ،
_c1993
300 _a292 ص
490 _a
650 0 4 _aالتبريد
650 0 4 _aالتعليم الجامعى
650 0 4 _aالحرارة
650 0 4 _aالفيزياء
942 _2ddc
_cBK
999 _c54409
_d54409